Advances in Biochemical Engineering Biotechnology: Immobilized Biocatalysts Saccharomyces yeasts wastewater treatment. vol. 29
| Main Author: | |
|---|---|
| Format: | Section = Libro |
| Language: | Undetermined Spanish |
| Published: |
Springer Verlag
1984
|
| Subjects: |
| LEADER | 00599nam a2200193Ia 4500 | ||
|---|---|---|---|
| 008 | 240830s9999 xx 000 0 und d | ||
| 020 | |a 0-387-12860-3 | ||
| 040 | |a CEDOC FIQ-RUSB / 570 F851 | ||
| 041 | |a spa | ||
| 082 | |a 570 F851 | ||
| 100 | 1 | |a Frechter, A. | |
| 245 | 1 | 0 | |a Advances in Biochemical Engineering Biotechnology: Immobilized Biocatalysts Saccharomyces yeasts wastewater treatment. vol. 29 |
| 260 | |b Springer Verlag |c 1984 | ||
| 300 | |a 150 p.: il. | ||
| 650 | 7 | |a CIENCIAS BIOLÓGICAS | |
| 650 | 7 | |b TRATAMIENTO ANAEROBIO DE AGUAS RESIDUALES | |
| 942 | |c BK |2 ddc | ||
| 991 | |a TEXTO | ||
| 999 | |c 27139 | ||